00213nam a2200085Ia 450000100070000000500170000700800410002424500410006526000210010680389220250826171123.0250824s9999 xx 000 0 und d 0aSÖZÜM SÖZ OLSUNcSERKAN ÖZEL bDESTEK YAYINLARI